000 00761nam a2200217Ii 4500
003 JO-AjNU
008 230605s9999||||xx |||||||||||||| ||und||
017 _a1989/9/590
040 _aJO-AjNU
_bara
_erda
_cJO-AjNU
041 _aara
050 1 4 _aJQ1825.J6.Z8236.1989
100 3 _a الزعبي، خالد سمارة ، 1989,
_eauthor
_946618
245 0 0 _aالقانون الاداري وتطبيقاتة في المملكة الاردنية الهاشمية
250 _a(د،ط)
264 3 1 _aعمان : خالد سمارة الزعبي ، 1989
300 _a304ص
336 _atext
_btxt
_2rdacontent
337 _aunmediated
_bn
_2rdamedia
338 _avolume
_bnc
_2rdacarrier
650 4 _aالقانون الاداري -- الاردن
_946619
999 _aA20294
_c23862
_d23862